| 000 | 00543nam a22001931a 4500 | ||
|---|---|---|---|
| 001 | 1430 | ||
| 003 | OSt | ||
| 005 | 20260204211734.0 | ||
| 008 | 040119s2001||||dr ||||||b||||||||||spa|| | ||
| 020 | _a9993468010 | ||
| 050 | _aRD 348.04 S11j | ||
| 082 | _aRD 348.04 s11J | ||
| 100 | _aSuárez, Julio Anibal | ||
| 245 | _aJurisprudencia dominicana de trabajo 1990 a 2001 / Julio Anibal Suárez | ||
| 264 | _aSanto Domingo : Ediciones Jurídicas | ||
| 300 | _a554 p. | ||
| 650 | _a1.Jurisprudencia - República DominicanaÌ | ||
| 942 |
_2ddc _cBK |
||
| 999 |
_c1430 _d1430 |
||